| 000 | 00801nam a2200265 a 4500 | ||
|---|---|---|---|
| 001 | 51466 | ||
| 003 | BD-RjUL | ||
| 005 | 20211209075651.0 | ||
| 008 | 160831r20072000c ||||| |||| 001 0 eng d | ||
| 020 | _a 8131503941 | ||
| 035 | _a(BD-RjUL)51586 | ||
| 040 |
_aBD-RjUL _beng _cBD-RjUL |
||
| 041 | _aeng | ||
| 082 |
_223 _a519.54 _bCAS 2007 |
||
| 100 | 1 |
_aCasella, George _9153912 |
|
| 245 | 1 | 0 |
_aStatistical inference / _cGeorge Casella ; Roger L Berger |
| 250 | _a2nd ed. | ||
| 260 |
_aPacific Grove, CA : _bThomson Learning, _c©2002, [Reprinted 2007] |
||
| 300 |
_axxviii, 660 p. : _bill. ; _c25 cm. |
||
| 500 | _aIncludes index | ||
| 650 |
_aMathematical statistics. _9153913 |
||
| 650 |
_aProbabilities. _9153914 |
||
| 700 |
_aBerger, Roger L, joint author _9153915 |
||
| 942 |
_2ddc _cBK |
||
| 999 |
_c51466 _d51466 |
||